Architect of Indian Anthropology (Record no. 526592)

000 -LEADER
fixed length control field 00356nam a22001337a 4500
008 - FIXED-LENGTH DATA ELEMENTS--GENERAL INFORMATION
fixed length control field 240612b ||||| |||| 00| 0 eng d
100 ## - MAIN ENTRY--PERSONAL NAME
Personal name Guha, Biraja Sankar
245 ## - TITLE STATEMENT
Title Architect of Indian Anthropology
260 ## - PUBLICATION, DISTRIBUTION, ETC. (IMPRINT)
Place of publication, distribution, etc Man In India
300 ## - PHYSICAL DESCRIPTION
Extent 103(4), 2023: p.227-229
773 ## - HOST ITEM ENTRY
Main entry heading Man In India
906 ## - LOCAL DATA ELEMENT F, LDF (RLIN)
Subject DIP BOOK REVIEW
942 ## - ADDED ENTRY ELEMENTS (KOHA)
Item type Articles
Holdings
Withdrawn status Lost status Source of classification or shelving scheme Damaged status Not for loan Permanent location Current location Date acquired Serial Enumeration / chronology Barcode Date last seen Koha item type
          Indian Institute of Public Administration Indian Institute of Public Administration 2024-06-12 103(4), 2023: p.227-229 AR132236 2024-06-12 Articles

Powered by Koha